El Sistema educativo en América Latina/

Salvato in:
Dettagli Bibliografici
Autore principale: Nassif, Ricardo
Altri autori: Rama, Germán W., Tedesco, Juan Carlos
Natura: Sconosciuto
Pubblicazione: Buenos Aires: Editorial Kapelusz
Soggetti:
Tags: Aggiungi Tag
Nessun Tag, puoi essere il primo ad aggiungerne!!

MARC

LEADER 00000 a2200000 04500
001 14042
003
008 991231s d
040
020 |a [sin ISBN]  
022 |a [sin ISBN]  
090 |a 0001 T256s  
100 |a Nassif, Ricardo  
245 |a El Sistema educativo en América Latina/  |c Ricardo Nassif 
260 |a Buenos Aires:   |b Editorial Kapelusz  
650 |a EDUCACION GENERAL  
650 |a SISTEMAS DE ENSEÑANZA  
650 |a PAUL FREIRE@EDUCACION DE MASAS  
650 |a AUTORITARISMO  
700 |a Rama, Germán W.  
700 |a Tedesco, Juan Carlos  
999 |c 12654  |d 12654